Language and cognitive development in second language learning: educational implications for children and adults
שמור ב:
| מחבר ראשי: | |
|---|---|
| פורמט: | ספר |
| שפה: | אנגלית |
| יצא לאור: |
Boston
Allyn and Bacon
1999
|
| נושאים: | |
| תגים: |
הוספת תג
אין תגיות, היה/י הראשונ/ה לתייג את הרשומה!
|
MARC
| LEADER | 00000nam a2200000 a 4500 | ||
|---|---|---|---|
| 001 | UCK6064 | ||
| 003 | CL-VaPUC | ||
| 008 | 050902e19990000US |||||||||||||||||eng|d | ||
| 020 | |a 0205261701 | ||
| 082 | 0 | 4 | |a 404.2 |b GON |2 21 |
| 100 | 0 | |a Gonzalez, Virginia |e author |9 495170 | |
| 245 | 1 | 0 | |a Language and cognitive development in second language learning: educational implications for children and adults |
| 300 | |a 310 p | ||
| 942 | |c BK | ||
| 945 | |d 20050902 00:00:00 |a jcarroza | ||
| 260 | |a Boston |b Allyn and Bacon |c 1999 | ||
| 650 | 0 | |a Bilingüismo |9 307482 | |
| 650 | 0 | |a Lenguaje y cultura |9 311851 | |
| 650 | 0 | |a Lenguaje y lenguas |9 265846 | |
| 650 | 0 | |a Cognición |9 270347 | |
| 583 | |a last modification |c 20050902 00:00:00 |k Rodrigo Vera | ||
| 999 | |c 314459 |d 314457 | ||
| 952 | |0 0 |1 0 |4 0 |6 404_200000000000000_GON_1999 |7 0 |8 A |9 386727 |a BIBEDU |b BIBEDU |d 2019-11-22 |i 4159713 |o 404.2 GON 1999 |p 4159713 |r 2019-11-22 |w 2019-11-22 |y BK |k PSI | ||